000 00687nam a22002055i 4500
001 163946
003 ES-MaACL
005 20230906212837.0
008 970807s1880 sp |||| | spa d
040 _aCLM
_bspa
_cCLM
100 1 _aRomero y Salas, José María.
_9132038
245 1 3 _aLa marina militar en España
_b: (lo que es y lo que debe ser) /
_cpor José María Romero y Salas.
260 _aMadrid :
_b[s.n.],
_c1880 (
_fImprenta de Fortanet)
300 _a302, [1] p. ;
_c22 cm.
597 _aAntep.
597 _aPort. a dos tintas.
650 4 _aMarina de guerra-
_zEspaña-
_yS.XIX.
_914783
752 _aEspaña -
_dMadrid
852 _aES-MaACL
_jC-611
_z-- Enc. hol.
999 _c163946
_d163946